00357 2200145 4500001002100000008004100021035002000062245003100082100002100113260001500134082001000149650001200159990002000171990002000191INLIS000000000002109 ind  a0010-0824000870 aKANCIL MENGALAHKAN RAKSASA aMB. RAHIMSYAH AR bKARYA JAYA a398.5 aDongeng a4578/BBTIV/2023 a4665/BBTIV/2041